| 000 | 00642cam a22001574a 4500 | ||
|---|---|---|---|
| 999 |
_c7058 _d7058 |
||
| 020 | _a0764545655 (alk. paper) | ||
| 050 | 0 | 0 |
_aTK5105.59 _b.P36 |
| 100 | 1 | _aPan, Laura Y., | |
| 245 | 1 | 0 |
_aNovell's BorderManager administrator's handbook / _cLaura Y. Pan. |
| 260 |
_aSan Jose : _bNovell Press, _cc1999. |
||
| 300 |
_axx, 314 p. : _bill. ; _c23 cm. |
||
| 500 | _aIncludes index | ||
| 505 | _aCh. 1. Installing BorderManager Services -- Ch. 2. Configuring BorderManager Services -- Ch. 3. Administering BorderManager -- Ch. 4. Troubleshooting BorderManager -- | ||
| 650 | 0 |
_aComputer networks _xSecurity measures _xComputer programs. |
|
| 942 | _cBK | ||